000 01501nam a22002417a 4500
999 _c60029
_d60029
003 Ge_BSU
005 20230531111255.0
008 230531s2018ge xxu||||| |||| 00| 0 geo d
020 _a9788378931706
041 _ageo
080 _a81'374.822=351.41=353.1ც-87
100 _aცოცანიძე, გიორგი
_94453
245 _aთუშური დიალექტის კორპუსული ლექსიკონი :
_b(ქართული დიალექტრური კორპუსი) /
_cგიორგი ცოცანიძე, მარინა ბერიძე, რედ.ზაქარია ფურცხვანიძე, რუსუდან ლანდია
264 _bWojnowice,
_c2018.
300 _a463 გვ.:
_b23 სმ.
653 _aთუშური დიალექტის კორპუსული ლექსიკონი
653 _aლექსიკონი
700 _aბერიძე, მარინა
_918342
700 _aფურცხვანიძე, ზაქარია
_eრედაქტორი
_92140
700 _aლანდია, რუსუდან
_eრედაქტორი
_918343
710 _aსახელმწიფო ენის დეპარტამენტი თსუ არნ. ჩიქობავას სახელობის ენათმეცნიერების ინსტიტუტი
_918344
942 _2udc
_cBK